| 000 | 00938nam0a2200289 4500 | ||
|---|---|---|---|
| 001 | RU\NLR\BIBL_A\022593857 | ||
| 005 | 20260129092334.0 | ||
| 010 |
_a978-5-4420-1175-3 _9200 |
||
| 035 | _a(NLR Aleph) 022593857 | ||
| 090 |
_a13532599 _c13532599 |
||
| 100 | _a20250731d2024 u y0rusy50 ca | ||
| 101 | 0 | _arus | |
| 102 | _aRU | ||
| 105 | _ac z 000gy | ||
| 181 | 0 |
_ai3 _baxxe |
|
| 182 | 0 | _an | |
| 200 | 1 |
_aЯ русская _e[лирика] _fЕлена Мищенко |
|
| 203 |
_aТекст _bвизуальный _cнепосредственный |
||
| 210 |
_aВоронеж _cВоронежская областная типография _d2024 |
||
| 215 |
_a145, [1] с. _cцв. портр. _d21 |
||
| 686 | 2 | _aШ6(2=Р)8-5 | |
| 700 | 1 |
_aМищенко _bЕ. А. _gЕлена Алексеевна |
|
| 942 | _cBOOK | ||
| 980 | _aNB | ||